Statistiques concernant Personnages de Mulan par images

Cliquez ici pour prendre le quiz!

Statistiques générales

  • Ce quiz a été pris 131 fois
  • Le résultat moyen est 5 sur 16

Statistiques - réponses

Réponse% Correct
Mulan
100%
Mushu
90%
Shang
58%
L'empereur de Chine
52%
Shan-Yu
30%
Yao
29%
Ling
28%
Cri-Kee
15%
Chien Po
14%
Chi-Fu
13%
Ting Ting
13%
Général Li
12%
Li Fa
12%
Zhou Fa
12%
Mei
8%
Su
7%

Distribution des résultats

Percentile par nombre de réponses

% des personnes avec chaque résultat

Votre développement - résultats

Vous n’avez pas pris ce quiz